Rayas de agua dulce (potamotrygonidae) de Suramérica Parte I : (Registro nro. 8155)

Detalles MARC
000 -CABECERA
Campo de control 02313nam a22004097a 4500
005 - FECHA Y HORA DE LA ULTIMA TRANSACCION
Campo de control 20170923020002.0
008 - ELEMENTOS DE LONGITUD FIJA—INFORMACION GENERAL
Campo de control 140226b2013 ck ||||| |||| 00| 0 spa d
020 ## - ISBN
ISBN 9789588343914
041 ## - IDIOMA
Código de idioma para texto/pista de sonido o título separado Español
044 ## - PAÍS DE PUBLICACIÓN
País de publicación Colombia
082 ## - NUMERO DE CLASIFICACION DECIMAL DEWEY
Número de clasificación 597.176
Número del ítem L347r
245 10 - MENCION DE TITULO
Título Rayas de agua dulce (potamotrygonidae) de Suramérica Parte I :
Parte restante del título Colombia, Venezuela, Ecuador, Perú, Brasil, Guyana, Surinam y Guyana Francesa: diversidad, bioecología, uso y conservación
Mención de responsabilidad Editado por Carlos Lasso ...[et al].
260 ## - PUBLICACION, DISTRIBUCION, ETC. (PIE DE IMPRENTA)
Lugar de publicación, distribución, etc. Bogotá
Nombre del editor, distribuidor, etc. Instituto de Investigación de Recursos Biológicos Alexander von Humboldt
Fecha de publicación, distribución, etc. 2013
300 ## - DESCRIPCION FISICA
Extensión 368 p.
Otros detalles físicos fot. (col), tablas, mapas
Dimensiones 25 cm.
490 ## - MENCION DE SERIE
Mención de serie Recursos hidrobiológicos y pesqueros continentales de Colombia
Designación numérica/secuencial del volumen 9
505 ## - NOTA DE CONTENIDO
Nota de contenido 1. Biogeografía de las rayas de agua dulce (Potamotrygonidae) de América del Sur. Pag. 39
505 ## - NOTA DE CONTENIDO
Nota de contenido 2. Historia de la investigación de las rayas de agua dulce (Potamotrygonidae): estado actual del conocimiento. Pag. 49
505 ## - NOTA DE CONTENIDO
Nota de contenido 3. Aspectos metodológicos Pag. 63
505 ## - NOTA DE CONTENIDO
Nota de contenido 4. Caves para la identificación de las rayas de agua dulce (Potamotrygonidae). Pag. 111
505 ## - NOTA DE CONTENIDO
Nota de contenido 5. Catálogo de especies. Pag. 129
505 ## - NOTA DE CONTENIDO
Nota de contenido 6. Sistemática y citogenética: estado actual, limitaciones y alcances. Pag. 281
505 ## - NOTA DE CONTENIDO
Nota de contenido 7. Marco normativo y comercialización de las rayas de agua dulce (Potamotrygonidae) en el norte de América del Sur. Pag. 311
505 ## - NOTA DE CONTENIDO
Nota de contenido 8. Envenenamientos causados por rayas de agua dulce (Potamotrygonidae) en Brasil, con notas sobre países vecinos (Colombia, Venezuela y Ecuador): implicaciones en la salud pública. Pag. 343
505 ## - NOTA DE CONTENIDO
Nota de contenido 9. Conclusiones y recomendaciones para la conservación. Pag. 363
650 #6 - ASIENTO SECUNDARIO DE MATERIA - TERMINO TEMATICO
Término temático o nombre geográfico como elemento de entrada Peces
Subdivisión geográfica América del Sur
650 #6 - ASIENTO SECUNDARIO DE MATERIA - TERMINO TEMATICO
Término temático o nombre geográfico como elemento de entrada Ecología animal
650 #6 - ASIENTO SECUNDARIO DE MATERIA - TERMINO TEMATICO
Término temático o nombre geográfico como elemento de entrada Biología animal
650 #6 - ASIENTO SECUNDARIO DE MATERIA - TERMINO TEMATICO
Término temático o nombre geográfico como elemento de entrada Peces de agua dulce
Subdivisión geográfica América del Sur
650 #6 - ASIENTO SECUNDARIO DE MATERIA - TERMINO TEMATICO
Término temático o nombre geográfico como elemento de entrada Rayas
Subdivisión geográfica América del Sur
650 #6 - ASIENTO SECUNDARIO DE MATERIA - TERMINO TEMATICO
Término temático o nombre geográfico como elemento de entrada Potamotrygonidae
Subdivisión geográfica América del Sur
650 #6 - ASIENTO SECUNDARIO DE MATERIA - TERMINO TEMATICO
Término temático o nombre geográfico como elemento de entrada Ictiología
700 1# - ASIENTO SECUNDARIO - NOMBRE PERSONAL
Nombre personal Lasso-Alcalá, Carlos A.
Término de relación ed.
700 1# - ASIENTO SECUNDARIO - NOMBRE PERSONAL
Nombre personal Sánchez-Duarte, Maria Paula
Término de relación ed.
700 1# - ASIENTO SECUNDARIO - NOMBRE PERSONAL
Nombre personal Agudelo-Córdoba, Edwin
Término de relación ed.
700 1# - ASIENTO SECUNDARIO - NOMBRE PERSONAL
Nombre personal Morales-Betancourt, Mónica
Término de relación editora
942 ## - ELEMENTOS ADICIONALES (KOHA)
Sistema de clasificación Dewey Decimal Classification
Tipo de ítem Impreso
Koha issues (borrowed), all copies 2
Existencias
Withdrawn status Lost status Sistema de Clasificación Damaged status No para préstamo Colección Ubicación Permanente Ubicación actual Fecha de adquisición Valor Total Checkouts Número topográfico Inventario / Código de Barras Date last seen Ejemplar Price effective from Forma de adquisición Tipo de material Inventariado Fuente de Valor Date checked out
    Dewey Decimal Classification     Humboldt Bogotá Bogotá 26/02/2014 0.00   IAVH-597.176 L347r 059902 28/10/2014 Ej. 1 26/02/2014 Institucional Libro      
    Dewey Decimal Classification     Humboldt Sala Fabio Quevedo Sala Fabio Quevedo 26/02/2014 39000.00 2 IAVH-597.176 L347r 059903 22/09/2017 Ej. 2 26/02/2014   Libro Inventariado 2017 Instituto 22/09/2017